[Event "16th ch-Asian Cities Dubai Cup"]
[Site "Beirut LIB"]
[Date "2009.04.18"]
[Round "3"]
[White "Sriram,S1"]
[Black "Kameran,A"]
[Result "1/2-1/2"]
[WhiteElo "2219"]
[BlackElo "1917"]

1.Nf3 d5 2.d4 Nf6 3.c4 c6 4.e3 e6 5.Nc3 Nbd7 6.Bd3 Bd6 7.O-O O-O 8.e4 dxe4
9.Nxe4 Nxe4 10.Bxe4 e5 11.Bc2 Re8 12.Re1 exd4 13.Rxe8+ Qxe8 14.Qxd4 Bc5 15.Qc3 a5
16.b3 Nf6 17.Bb2 Qe2 18.Nd4 Qh5 19.h3 Bd7 20.Qd3 Re8 21.Nf3 Bc8 22.Bxf6 gxf6
23.Re1 Rxe1+ 24.Nxe1 Be6 25.Nf3 Kg7 26.Kf1 Qh6 27.Qd2 Qxd2 28.Nxd2 a4 29.Ke2 axb3
30.axb3 Kf8 31.Ne4 Be7 32.Ng3 b5 33.Bd3 bxc4 34.Bxc4 Ke8 35.Kd3 f5 36.Nh5 Kd7
37.Kd4 Kd6 38.f4 Bh4 39.g3 Bd8 40.g4 fxg4 41.Bxe6 fxe6 42.hxg4 Bh4 43.Kc4 Bf2
44.Nf6 Be3 45.Nh5 Bc1 46.Kd3 Bb2 47.Kc2 Ba1 48.Ng3 Kd5 49.Kd3 Bb2 50.Ne4 Bg7
51.g5 h5 52.gxh6 Bxh6 53.Nf6+ Kc5 54.Nh5 Kd5 55.Nf6+ Kd6 56.Ke4 Kc5 57.Ke5 Kb4
58.Ng8 Bxf4+ 59.Kxf4 Kxb3 60.Nf6 c5 61.Ke5  1/2-1/2

[Event "ch-AZE U20"]
[Site "Baku AZE"]
[Date "2009.04.20"]
[Round "7"]
[White "Rahmanov,S"]
[Black "Mammadov,Z"]
[Result "1-0"]
[WhiteElo "2209"]
[BlackElo "2180"]

1.d4 Nf6 2.c4 e6 3.Nc3 d5 4.Nf3 c6 5.e3 Nbd7 6.Bd3 dxc4 7.Bxc4 b5 8.Bd3 Bb7
9.O-O a6 10.a3 c5 11.Qe2 cxd4 12.exd4 Be7 13.Rd1 O-O 14.Ne5 Nb6 15.Bg5 Nbd5
16.f3 Rc8 17.Bd2 Qb6 18.Qf2 Rfd8 19.Ne4 h6 20.Kh1 Bf8 21.b4 Nxe4 22.fxe4 Nf6
23.Be3 Qc7 24.Rac1 Qe7 25.Qf4 g5 26.Qf3 Bg7 27.Bb1 Ne8 28.h4 Nd6 29.Qg4 f6
30.hxg5 hxg5 31.Ba2 Re8 32.Rxc8 Bxc8 33.Nc6 Qb7 34.d5 Nc4 35.Bxc4 bxc4 36.Qf3 exd5
37.exd5 Qf7 38.Bc5 g4 39.Qg3 Bd7 40.Re1 Rxe1+ 41.Qxe1 Qh5+ 42.Kg1 f5 43.Nb8 Bb5
44.d6 Qf7 45.g3 c3 46.Qd1 Bf6 47.d7 Bd8 48.a4 Qc4 49.axb5 c2 50.Qc1 Qd3 51.Be3 Qd1+
52.Kf2 Qf3+ 53.Ke1 Qxg3+ 54.Kd2 Qh2+ 55.Kc3 Qxb8 56.bxa6 Qc7+ 57.Kb3 Qxd7
58.Qxc2 Kh7 59.Bc5 Qd5+ 60.Ka3 Kg6 61.Qb3 Qa8 62.Qg8+ Kf6 63.Bd4+ Ke7 64.a7 Qf3+
65.Ka4 Qc6+ 66.b5 Qa8 67.Qc4 Qf3 68.Bf6+  1-0

[Event "zt 3.5 Men"]
[Site "Beijing CHN"]
[Date "2009.04.20"]
[Round "4"]
[White "Li Shilong"]
[Black "Wang Hao"]
[Result "0-1"]
[WhiteElo "2557"]
[BlackElo "2696"]

1.d4 Nf6 2.c4 e6 3.Nf3 d5 4.Nc3 c6 5.e3 a6 6.c5 Nbd7 7.Bd3 e5 8.dxe5 Ng4
9.Na4 Ngxe5 10.Nxe5 Nxe5 11.O-O Bg4 12.f3 Nxd3 13.Qxd3 Be6 14.Bd2 Be7 15.Bc3 O-O
16.Nb6 Rb8 17.b4 Bf6 18.Bd4 Re8 19.Rae1 g6 20.Qc3 Kg7 21.a3 h5 22.Rd1 Bxd4
23.Qxd4+ Qf6 24.Rfe1 Rbd8 25.Kf2 h4 26.Rd2 g5 27.Red1 Rb8 28.Na4 Bf5 29.Qxf6+ Kxf6
30.Nc3 Re6 31.Re1 Rbe8 32.h3 Bg6 33.Na2 Kg7 34.Nc1 f5 35.Rde2 g4 36.hxg4 fxg4
37.fxg4 Re4 38.Rd2 Rxg4 39.Ne2 Be4 40.Nf4 Kf6 41.Rh1 Ke5 42.Rh3 Reg8 43.Rh2 Rf8
44.Kg1 Rfg8 45.Rf2 Rg3 46.Rxh4 Rxe3 47.Rh5+ Kd4 48.Ne6+ Kc4 49.Ng5 Bg6 50.Rh4+ Kb3
51.Nf3 Kxa3 52.Nd4 Rc3 53.Rg4 Rc1+ 54.Kh2 Rh8+ 55.Kg3 Be4 56.Rg7 Rc3+ 57.Kg4 Rc4
58.Rd2 Kxb4 59.Kf4 Kxc5 60.Nb3+ Kb4 61.Nd4 Rh7 62.Rxh7 Bxh7 63.Ke3 b5 64.Rb2+ Kc5
65.Ne6+ Kb6 66.Ng5 Bg6  0-1

[Event "11th Open St-Quentin en Yvelines"]
[Site "Elancourt FRA"]
[Date "2009.04.20"]
[Round "4"]
[White "Vallobra,P"]
[Black "Costa,PJ"]
[Result "1-0"]
[WhiteElo "2009"]
[BlackElo "1891"]

1.d4 d5 2.c4 e6 3.Nf3 Nf6 4.Nc3 c6 5.e3 Nbd7 6.Bd3 dxc4 7.Bxc4 b5 8.Bd3 a6
9.O-O Be7 10.b3 O-O 11.Bb2 Bb7 12.Rc1 c5 13.Ne2 Rc8 14.Ng3 h6 15.Qe2 Rc7
16.Rc2 Nd5 17.a3 Qa8 18.Rfc1 Rfc8 19.Ne4 cxd4 20.Rxc7 Rxc7 21.Rxc7 Nxc7 22.exd4 Nd5
23.g3 N5f6 24.Ned2 Nb6 25.Ne5 Nbd5 26.Bb1 Qc8 27.Qd3 Ba8 28.f3 Qc7 29.h4 Bb7
30.Nf1 Nb6 31.Nh2 Bd6 32.Nhg4 Nbd5 33.Nf2 Kf8 34.Kg2 Qe7 35.b4 Qc7 36.Nd1 Qe7
37.Kf1 Qc7 38.Ba2 Qc8 39.g4 Nf4 40.Qd2 N4d5 41.Qh2 Qc7 42.Qd2 Qc8 43.Nf2 Qc7
44.Nfd3 Nb6 45.Nc5 Qc8 46.Qd3 Bd5 47.Bxd5 Nbxd5 48.g5 hxg5 49.hxg5 Bxc5 50.dxc5 Nf4
51.Qd6+  1-0

[Event "7th V.Nabokov Mem"]
[Site "Kyiv UKR"]
[Date "2009.04.20"]
[Round "9"]
[White "Golichenko,I"]
[Black "Hamitevici,V"]
[Result "1-0"]
[WhiteElo "2393"]
[BlackElo "2407"]

1.d4 d5 2.c4 e6 3.Nc3 c6 4.e3 Nf6 5.Nf3 Nbd7 6.Qc2 Bd6 7.Bd3 dxc4 8.Bxc4 b5
9.Bd3 Bb7 10.O-O O-O 11.e4 e5 12.dxe5 Nxe5 13.Nxe5 Bxe5 14.h3 Re8 15.Be3 Bd4
16.Bxd4 Qxd4 17.Rad1 Qb6 18.Rfe1 Re5 19.Kh1 g5 20.Qd2 Nh5 21.Re3 Rd8 22.b4 c5
23.bxc5 Qxc5 24.Qb2 Rd4 25.Nxb5 Rb4 26.Qa1 Bxe4 27.Bxe4 Rxb5 28.Rd8+ Kg7
29.Rd5  1-0

[Event "11th Open St-Quentin en Yvelines"]
[Site "Elancourt FRA"]
[Date "2009.04.21"]
[Round "5"]
[White "Oger,C"]
[Black "De Lagontrie,J"]
[Result "1/2-1/2"]
[WhiteElo "1996"]
[BlackElo "1889"]

1.Nf3 d5 2.d4 Nf6 3.c4 e6 4.Nc3 c6 5.e3 Nbd7 6.Bd3 dxc4 7.Bxc4 b5 8.Bd3 b4
9.Na4 c5 10.Nxc5 Nxc5 11.dxc5 Bxc5 12.Qe2 O-O 13.O-O Bb7 14.e4 h6 15.h3 Qe7
16.e5 Nd5 17.Qe4 f5 18.exf6 Nxf6 19.Qe2 Bxf3 20.Qxf3 Kh8 21.Be3 Rad8 22.Bc4 e5
23.Rad1 Bd4 24.Qe2 Qc5  1/2-1/2

[Event "XV Leonardo di Bona Magistrale"]
[Site "Cutro ITA"]
[Date "2009.04.24"]
[Round "7"]
[White "Tratar,M"]
[Black "Koziak,V"]
[Result "1/2-1/2"]
[WhiteElo "2488"]
[BlackElo "2475"]

1.d4 d5 2.c4 e6 3.Nf3 Nf6 4.Nc3 c6 5.e3 Nbd7 6.Qc2 Bd6 7.Bd3 O-O 8.O-O c5
9.cxd5 exd5 10.e4 cxd4 11.Nxd5  1/2-1/2

[Event "zt 3.5 Men"]
[Site "Beijing CHN"]
[Date "2009.04.25"]
[Round "8"]
[White "Li Shilong"]
[Black "Yu Yangyi"]
[Result "1/2-1/2"]
[WhiteElo "2557"]
[BlackElo "2433"]

1.d4 d5 2.c4 c6 3.Nf3 Nf6 4.Nc3 e6 5.e3 Nbd7 6.Bd3 dxc4 7.Bxc4 b5 8.Bd3 b4
9.Na4 c5 10.b3 cxd4 11.exd4 Bb7 12.O-O Bd6 13.Bb2 O-O 14.Re1 Rc8 15.Ne5 Nd5
16.Qh5 g6 17.Qh6 Nxe5 18.dxe5 Be7 19.Be4 Bg5 20.Qh3 Bd2 21.Red1 Nf4 22.Qf3 Ba6
23.Bd3 Qxd3 24.Qxd3 Nxd3 25.Rxd2 Nxb2 26.Rxb2 Rfd8 27.f4 Rd4 28.Rf2 Bb5 29.Nb2 Rcd8
30.Rc1 Kg7 31.g3 R8d7 32.Kg2 h6 33.h4 g5 34.hxg5 hxg5 35.Kf3 Kg6 36.Kg4 R7d5
37.Nc4 gxf4 38.Rxf4 a5 39.Nd6 f5+ 40.Kh3 Be2 41.Rc8 Bg4+ 42.Kh4 Rd2 43.Rg8+ Kh7
44.Re8 Rxe5 45.Kg5 Rxd6 46.Re7+ Kg8 47.Rc4 Red5 48.Rc8+ Rd8 49.Rcc7 f4+ 50.Kxg4 fxg3
51.Kxg3 Rg5+ 52.Kf4 Rg2 53.Rxe6 Rf8+ 54.Ke3 Rf7 55.Rxf7 Kxf7 56.Ra6 Rxa2
57.Kd4 Ke7 58.Kc4 Ra3 59.Kb5 Rxb3 60.Rxa5 Rb1 61.Kc4 b3 62.Rb5 b2 63.Kc3 Kd6
64.Rxb2 Rxb2 65.Kxb2  1/2-1/2

[Event "11th Dubai Open"]
[Site "Dubai UAE"]
[Date "2009.04.26"]
[Round "1"]
[White "Salem,AR"]
[Black "Pabalan,R"]
[Result "0-1"]
[WhiteElo "2479"]
[BlackElo "1938"]

1.d4 d5 2.c4 c6 3.Nc3 Nf6 4.e3 e6 5.Nf3 Bd6 6.Bd3 Qe7 7.e4 dxc4 8.Bxc4 e5
9.dxe5 Bxe5 10.Nxe5 Qxe5 11.O-O O-O 12.h3 b5 13.Bd3 b4 14.Ne2 Ba6 15.Bf4 Qxb2
16.Rb1 Qa3 17.Rb3 Qxa2 18.Bc2 Nbd7 19.Nd4 Bxf1 20.e5 Rfe8 21.exf6 Nxf6 22.Qxf1 c5
23.Bb1 Qa4 24.Qb5 Qxb5 25.Nxb5 Nd5 26.Bg3 c4 27.Rb2 c3 28.Rb3 a5  0-1

[Event "11th Dubai Open"]
[Site "Dubai UAE"]
[Date "2009.04.27"]
[Round "2"]
[White "Arutinian,D"]
[Black "Inants,A"]
[Result "1-0"]
[WhiteElo "2548"]
[BlackElo "2274"]

1.d4 d5 2.c4 c6 3.Nf3 Nf6 4.Nc3 e6 5.e3 Nbd7 6.Qc2 Bd6 7.b3 O-O 8.Bb2 Qe7
9.Be2 dxc4 10.bxc4 e5 11.O-O e4 12.Nd2 Re8 13.Rae1 c5 14.f4 exf3 15.Bxf3 Nf8
16.Nde4 Bf5 17.Nxf6+ Qxf6 18.Qd2 Qh6 19.g3 cxd4 20.Nb5 Rad8 21.Nxd4 Bh3 22.Rf2 Ne6
23.Bd5 Re7 24.Nf5 Bxf5 25.Rxf5 Bc5 26.Kh1 b6 27.Qd1 Red7 28.e4 g6 29.Rf6 Qh3
30.Ref1 Bf8 31.Qf3 Bg7 32.Rxf7  1-0

[Event "11th Dubai Open"]
[Site "Dubai UAE"]
[Date "2009.04.27"]
[Round "2"]
[White "Aleksandrov,A"]
[Black "Adhiban,B"]
[Result "1/2-1/2"]
[WhiteElo "2624"]
[BlackElo "2483"]

1.d4 d5 2.c4 c6 3.Nc3 Nf6 4.e3 e6 5.Nf3 Nbd7 6.Qc2 Bd6 7.g4 h6 8.h3 dxc4
9.e4 Be7 10.e5 Nd5 11.Bxc4 N7b6 12.Be2 c5 13.dxc5 Bxc5 14.Nb5 Be7 15.O-O Bd7
16.Rd1 a6 17.Nd6+ Bxd6 18.exd6 Rc8 19.Qe4 Bb5 20.Bxb5+ axb5 21.Nd4 Qd7 22.Qe2 b4  1/2-1/2

[Event "ch-Moscow men"]
[Site "Moscow RUS"]
[Date "2009.04.27"]
[Round "5"]
[White "Rychagov,A"]
[Black "Savchenko,B"]
[Result "1/2-1/2"]
[WhiteElo "2530"]
[BlackElo "2655"]

1.d4 d5 2.c4 c6 3.Nf3 Nf6 4.Nc3 e6 5.e3 a6 6.b3 Bb4 7.Bd2 O-O 8.Bd3 Bd6 9.O-O c5
10.Bc1 Nc6 11.Bb2 b6 12.Re1 Bb7 13.cxd5 exd5 14.e4 dxe4 15.Nxe4 Nxd4 16.Nxd4 cxd4
17.Nxd6 Qxd6 18.Bxd4 Rad8 19.Bxf6 Qxf6 20.Qc2 h5 21.Rad1 Rd4 22.Bf1 Rg4 23.h3 Rg6
24.Kh1 Rc8 25.Qd2 Kh7 26.Kh2 Rc3 27.Re3 Qc6 28.Qd5 Rxe3 29.Qxc6 Rxh3+ 30.gxh3 Rxc6
31.Rd7 Bc8 32.Rxf7 Rf6 33.Rxf6 gxf6  1/2-1/2

[Event "11th Dubai Open"]
[Site "Dubai UAE"]
[Date "2009.04.28"]
[Round "3"]
[White "Neverov,V"]
[Black "Grover,S"]
[Result "1/2-1/2"]
[WhiteElo "2552"]
[BlackElo "2234"]

1.d4 d5 2.c4 c6 3.e3 Nf6 4.Nc3 e6 5.Nf3 Nbd7 6.Qc2 Bd6 7.b3 O-O 8.Bb2 b6
9.Bd3 Bb7 10.O-O c5 11.cxd5 exd5 12.Nb5 Be7 13.Rad1 Re8 14.Ne5 a6 15.Nxd7 Qxd7
16.Nc3 cxd4 17.Na4 Bc5 18.Nxc5 bxc5 19.Qxc5 dxe3 20.fxe3 Ne4 21.Qd4 Qg4 22.h3 Qg6
23.Rf4 f6 24.Bxe4 Rxe4 25.Qb6 Qf7 26.Rxe4 dxe4 27.Rc1 Rc8 28.Rxc8+ Bxc8 29.Qd8+ Qf8
30.Qd5+ Qf7 31.Qd8+ Qf8 32.Qc7 h6 33.Bd4 Bf5 34.Qc4+ Kh7 35.Qxa6 Qb8 36.Qf1 Be6
37.Qb1 Bd5 38.b4 Qb5 39.a3 Qa4 40.Qb2 Bc4 41.Kh2 Bd3 42.Qc1 Kg6 43.Bc5 Qc6
44.Qd1 Bb5 45.Qg4+ Kf7 46.Qh5+ Kg8 47.Qf5 Kf7 48.Qh5+ Kg8 49.Qf5 Kf7 50.Qf4 Ke6
51.Qb8 Qe8 52.Qb7 Qd7 53.Qxe4+ Kf7 54.Qf4 Bc6 55.Qc4+ Bd5 56.Qd4 Qb7 57.Qg4 Bc6
58.Qc4+ Bd5 59.Qc2 Be4 60.Qd2 Bc6 61.a4 Qc7+ 62.Bd6 Qd7 63.b5 Bb7 64.Qa2+ Kg6
65.Qc2+ f5 66.Qc5 Qe6 67.Qe5 Qa2 68.Qg3+ Kf7 69.Be5 g5 70.Bd4 f4 71.exf4 Qxa4
72.Qf2 g4 73.hxg4 Qxb5 74.Be5 Qd5 75.Qc2 Bc6 76.Qf5+ Ke8 77.Qh5+ Ke7 78.Qh3 Qe4
79.Qg3 Kf7 80.f5 h5 81.gxh5 Qxf5 82.Qg7+ Ke6 83.h6 Be4 84.Qf6+  1/2-1/2

[Event "NK Jeugd A"]
[Site "Venlo NED"]
[Date "2009.04.28"]
[Round "5"]
[White "Miedema,R"]
[Black "Meurs,T"]
[Result "1-0"]
[WhiteElo "2370"]
[BlackElo "2178"]

1.d4 d5 2.c4 c6 3.Nc3 Nf6 4.e3 e6 5.Nf3 Nbd7 6.Qc2 Bd6 7.Be2 O-O 8.O-O Qe7
9.c5 Bc7 10.e4 dxe4 11.Nxe4 Nxe4 12.Qxe4 f5 13.Qc2 e5 14.Bg5 Qe8 15.dxe5 Nxe5
16.Nxe5 Qxe5 17.g3 Kh8 18.Rfe1 f4 19.Bxf4 Qf6 20.Be3 Be5 21.Bd3 Bxb2 22.Rab1 Bc3
23.Rec1 Bd4 24.Bxd4 Qxd4 25.Bxh7 Bg4 26.Be4 Rae8 27.Re1 Re5 28.Re3 Rxc5 29.Qb2 Qxb2
30.Rxb2 Rc1+ 31.Kg2 b6 32.Ra3 a5 33.f3 Bf5 34.Rxb6 Bxe4 35.fxe4 Rc2+ 36.Kh3 Rff2
37.Rxa5 Rxh2+ 38.Kg4 Rhf2 39.Kg5 Kh7 40.Re5 Rc3 41.g4 Rg2 42.Rb3 Rc1 43.Re8 Rh1
44.Rbb8  1-0

[Event "ch-RUS U20 w"]
[Site "Dagomys RUS"]
[Date "2009.04.29"]
[Round "1"]
[White "Gunina,V"]
[Black "Pustovoitova,D"]
[Result "1-0"]
[WhiteElo "2411"]
[BlackElo "2286"]

1.d4 d5 2.c4 e6 3.Nc3 c6 4.Nf3 Nf6 5.e3 Nbd7 6.Qc2 Bd6 7.Bd3 dxc4 8.Bxc4 O-O
9.O-O a6 10.Rd1 b5 11.Be2 Qc7 12.e4 e5 13.g3 Re8 14.a3 exd4 15.Nxd4 Be5 16.Be3 c5
17.Nf5 Nb6 18.Bf3 Nc4 19.Bg5 Bb7 20.a4 Nxb2 21.Bxf6 Bxf6 22.Rd6 Nc4 23.Rxf6 gxf6
24.Qc1 Bc8 25.Qh6 Bxf5 26.Nd5 Qe5 27.Nxf6+ Qxf6 28.Qxf6 Bg6 29.h4 Re6 30.Qc3 Rae8
31.axb5 Ne5 32.bxa6 Nxf3+ 33.Qxf3 Bxe4 34.Qg4+ Rg6 35.Qf4 c4 36.h5 Rge6 37.a7 h6
38.Re1 Bd5 39.Rxe6 Rxe6 40.a8=Q+ Bxa8 41.Qb8+ Kg7 42.Qxa8 Re5 43.Qa1 f6 44.Qa7+ Kf8
45.Qb8+ Kg7 46.Qc7+ Kf8 47.g4  1-0

[Event "11th Dubai Open"]
[Site "Dubai UAE"]
[Date "2009.04.29"]
[Round "4"]
[White "Malakhatko,V"]
[Black "Brkic,A"]
[Result "1-0"]
[WhiteElo "2610"]
[BlackElo "2541"]

1.d4 d5 2.c4 e6 3.Nf3 Nf6 4.Nc3 c6 5.e3 Nbd7 6.Bd3 dxc4 7.Bxc4 b5 8.Bd3 Bb7
9.a3 Bd6 10.O-O O-O 11.Qc2 Qe7 12.Ne2 c5 13.Bxb5 Bxf3 14.gxf3 Rfc8 15.Qd1 cxd4
16.Nxd4 Rc5 17.f4 Rac8 18.Be2 Nd5 19.Bf3 N7b6 20.Bd2 Qf6 21.Bb4 Nxf4 22.exf4 Qxf4
23.Re1 Rg5+ 24.Kf1 Bxb4 25.axb4 Nc4 26.Rc1 g6 27.h4 Qxh4 28.Re4 Qh2 29.Ke2 Qb8
30.Nxe6 fxe6 31.Rcxc4 Rxc4 32.Rxc4  1-0

[Event "11th Dubai Open"]
[Site "Dubai UAE"]
[Date "2009.04.29"]
[Round "4"]
[White "Milanovic,Da"]
[Black "Kotanjian,T"]
[Result "0-1"]
[WhiteElo "2564"]
[BlackElo "2552"]

1.d4 d5 2.c4 e6 3.Nc3 c6 4.e3 Nf6 5.Nf3 Nbd7 6.Qc2 Bd6 7.Bd2 O-O 8.O-O-O e5
9.cxd5 cxd5 10.Nb5 Bb8 11.Bb4 Re8 12.Nd6 Bxd6 13.Bxd6 e4 14.Bc7 Qe7 15.Ne5 Nxe5
16.dxe5 Ng4 17.Bd6 Qe6 18.Bb5 Bd7 19.Bxd7 Qxd7 20.Kb1 Rac8 21.Qd2 Nxe5 22.Bxe5 Rxe5
23.Qd4 Rf5 24.Rd2 b6 25.Rhd1 h5 26.h4 Qe7 27.Qa4 Rc4 28.Qa6 Qxh4 29.Qxa7 Rxf2
30.Rxd5 Rcc2 31.Rb5 Qg4 32.Rd8+ Kh7 33.a4 Qe2 34.Qxb6 Rf1+ 35.Ka2 Qc4+ 36.Rb3 Rxb2+  0-1

[Event "ch-RUS U20 w"]
[Site "Dagomys RUS"]
[Date "2009.04.30"]
[Round "2"]
[White "Gunina,V"]
[Black "Girya,O"]
[Result "1-0"]
[WhiteElo "2411"]
[BlackElo "2335"]

1.d4 d5 2.c4 c6 3.Nc3 Nf6 4.e3 e6 5.Nf3 Nbd7 6.Qc2 Bd6 7.Bd3 dxc4 8.Bxc4 O-O
9.O-O a6 10.a4 c5 11.Rd1 Qc7 12.Ne4 Nxe4 13.Qxe4 Nf6 14.Qh4 cxd4 15.Bd3 Qa5
16.exd4 Qh5 17.Qxh5 Nxh5 18.Bg5 h6 19.Bh4 f5 20.Bg3 f4 21.Bg6 Nxg3 22.fxg3 fxg3
23.h3 Bd7 24.Be4 Rac8 25.Bxb7 Rb8 26.Bxa6 Rxb2 27.Bb5 Bxb5 28.axb5 Rxb5 29.Ra6 Rd8
30.Kf1 Rd7 31.Ke2 Kf7 32.Ke3 g5 33.Ke4 Ke7 34.Rda1 Bf4 35.R1a2 Rb3 36.R6a3 Rb1
37.Re2 Rdb7 38.Raa2 R1b3 39.Ne1 Rc3 40.Nd3 Bd6 41.Rec2 Rxc2 42.Rxc2 Ra7 43.Re2 Kf6
44.Rc2 h5 45.Rc6 Ke7 46.Rc2 Ra1 47.Re2 Kf6 48.Rb2 Ra6 49.Ne1 Ra4 50.Nc2 Bf4
51.Kd3 Ra5 52.Rb6 Bc1 53.Rc6 Rf5 54.Ne1 Ba3 55.Ke3 Rf1 56.Nd3 Rf5 57.Ke4 Rd5
58.Rc7 Be7 59.Ne5 Rb5 60.Rc3 Bd6 61.Rf3+ Ke7 62.Rxg3 g4 63.hxg4 Bxe5 64.dxe5 Rb4+
65.Kf3 Rb3+ 66.Kf4 Rb4+ 67.Kg5 hxg4 68.Rxg4 Rb5 69.Re4 Kf7 70.Kh6 Rb2 71.g4 Rh2+
72.Kg5 Rc2 73.Ra4 Rc7 74.Kh6 Rc5 75.g5 Rxe5 76.g6+ Ke7 77.g7  1-0

[Event "IV Tch-ESP Selecciones Autonomicas"]
[Site "Villava ESP"]
[Date "2009.04.30"]
[Round "1"]
[White "Cruz Lopez Claret,C"]
[Black "Alsina Leal,D"]
[Result "0-1"]
[WhiteElo "2342"]
[BlackElo "2503"]

1.d4 d5 2.c4 e6 3.Nc3 c6 4.e3 Nf6 5.Nf3 Nbd7 6.Bd3 dxc4 7.Bxc4 b5 8.Bd3 a6
9.e4 c5 10.e5 cxd4 11.Nxb5 axb5 12.exf6 gxf6 13.O-O Qb6 14.Qe2 Bb7 15.Bxb5 Rg8
16.Bf4 Bd6 17.Bg3 f5 18.Rfc1 f4 19.Bh4 Be7 20.a4 Rd8 21.Bxe7 Kxe7 22.b4 Qd6
23.Bd3 Qd5 24.Kf1 Rg7 25.Rc7 Rdg8 26.Bb5 Qxf3 27.Rxd7+ Kf6 28.Qxf3 Bxf3 29.Rxd4 Ke5
30.Rd3 Rxg2 31.Re1+ Be4 32.Rh3 Rg1+ 33.Ke2 f3+  0-1

[Event "TOP 16 GpB"]
[Site "Chalons en Champagne FRA"]
[Date "2009.05.01"]
[Round "5"]
[White "Cossin,S"]
[Black "Buffe,F"]
[Result "1-0"]
[WhiteElo "2471"]
[BlackElo "2158"]

1.d4 d5 2.c4 e6 3.Nc3 Nf6 4.Nf3 c6 5.e3 Nbd7 6.Qc2 Bd6 7.Bd2 O-O 8.O-O-O b5
9.cxb5 c5 10.e4 Bb7 11.exd5 Nxd5 12.Nxd5 Bxd5 13.Ng5 Nf6 14.dxc5 Bxc5 15.Bc3 Be7
16.Kb1 Rc8 17.Bd3 h6 18.h4 Qb6 19.Rc1 Bb4 20.Nh7 Nxh7 21.Bxh7+ Kh8 22.Bd3 a6
23.Qd2 Bxc3 24.Rxc3 Qa5 25.a3 Rxc3 26.Qxc3 Qxc3 27.bxc3 axb5 28.f3 Rc8 29.Kc2 Bc4
30.Rb1 Bxd3+ 31.Kxd3 Rc5 32.Rb4 g5 33.c4 bxc4+ 34.Rxc4 Ra5 35.a4 gxh4 36.Rxh4 Rg5
37.Rxh6+ Kg7 38.Rh4 Kf6 39.Rg4 Rd5+ 40.Kc3 Ke7 41.Rd4 Rg5 42.Rd2 Rc5+ 43.Kb3 e5
44.Ra2 Kd6 45.a5 Kc7 46.Rc2 Kd6 47.Rxc5 Kxc5 48.Kc3  1-0

[Event "TOP 16 GpB"]
[Site "Chalons en Champagne FRA"]
[Date "2009.05.01"]
[Round "5"]
[White "Brunner,N"]
[Black "Flear,G"]
[Result "1-0"]
[WhiteElo "2398"]
[BlackElo "2485"]

1.d4 d5 2.c4 c6 3.Nf3 Nf6 4.Nc3 e6 5.e3 Nbd7 6.Bd3 dxc4 7.Bxc4 b5 8.Bd3 Bb7
9.O-O a6 10.e4 c5 11.d5 Qc7 12.dxe6 fxe6 13.Bc2 Bd6 14.Ng5 Nf8 15.f4 h6 16.e5 O-O-O
17.Nf7 Qxf7 18.exd6 Qd7 19.Be3 Qc6 20.Qe2 Rxd6 21.Rac1 N8d7 22.a4 b4 23.Nb1 Kb8
24.Nd2 Nb6 25.Bb3 Rd3 26.Bxc5 Qd7 27.Rf2 Rd8 28.Bxb4 Nxa4 29.Bxe6 Qd4 30.Qe5+ Ka8
31.Ba5 Re8 32.Qxd4 Rxd4 33.Nb3 Re4 34.f5 Nd5 35.Bd2 Nb4 36.Rc7 Nd3 37.Rf3 R4xe6
38.Rxd3 R6e7 39.Rxe7 Rxe7 40.Rd8+ Ka7 41.Kf2 Bc6 42.Be3+ Kb7 43.Na5+ Kc7
44.Bf4+ Kxd8 45.Nxc6+ Ke8 46.Nxe7 Nxb2 47.Nc6 Nc4 48.Ke2 h5 49.Kd3 Nb6 50.Kd4 Nd7
51.Nb8  1-0

[Event "ch-RUS U20 w"]
[Site "Dagomys RUS"]
[Date "2009.05.01"]
[Round "3"]
[White "Girya,O"]
[Black "Pustovoitova,D"]
[Result "0-1"]
[WhiteElo "2335"]
[BlackElo "2286"]

1.d4 d5 2.c4 e6 3.Nc3 c6 4.e3 Nf6 5.Nf3 Nbd7 6.Qc2 Bd6 7.b3 O-O 8.Be2 b6
9.O-O Bb7 10.Bb2 Qe7 11.Rfe1 Rfe8 12.Rad1 Rad8 13.g3 Nf8 14.Bf1 Qc7 15.Bg2 Ng6
16.a3 Qe7 17.Qc1 Qc7 18.Nd2 a6 19.Qb1 Be7 20.e4 dxe4 21.Ndxe4 Nxe4 22.Nxe4 f5
23.Nd2 Bf6 24.Nf3 c5 25.d5 Bxb2 26.Qxb2 exd5 27.Rxe8+ Rxe8 28.cxd5 Qd6 29.Qc2 Ne7
30.Ng5 Bc8 31.h4 h6 32.Nh3 g6 33.Re1 Kf7 34.Qd2 Ng8 35.Rxe8 Kxe8 36.Nf4 Kf7
37.Qe3 Nf6 38.a4 Ng4 39.Qe2 Ne5 40.Nd3 Nxd3 41.Qxd3 Qe5 42.Qd2 h5 43.f4 Qd4+
44.Qxd4 cxd4 45.Kf2 Ke7 46.Ke2 Kd6 47.Kd3 Kc5 48.b4+ Kxb4 49.Kxd4 Kxa4 50.Ke5 Kb4
51.Kd6 a5 52.Kc7 Kc5 53.Kxc8 Kd6 54.Kb7 a4 55.Bf1 Kxd5 56.Kxb6 a3 57.Kb5 Ke4
58.Bc4 Kf3 59.Kb4 Kxg3 60.Kxa3 Kxh4 61.Bf7 Kg4 62.Bxg6 h4 63.Kb3 h3 64.Be8 Kxf4
65.Kc2 Ke3 66.Bd7 h2 67.Bc6 f4 68.Bh1 f3 69.Kd1 f2 70.Bg2 h1=Q+  0-1

[Event "41st TCh-ITA"]
[Site "Senigallia ITA"]
[Date "2009.05.01"]
[Round "3"]
[White "Patelli,A"]
[Black "Valsecchi,A"]
[Result "0-1"]
[WhiteElo "2176"]
[BlackElo "2363"]

1.d4 Nf6 2.c4 e6 3.Nf3 d5 4.Nc3 c6 5.e3 Nbd7 6.Qc2 Bd6 7.g4 h6 8.h3 Qe7 9.Bd2 dxc4
10.Bxc4 b5 11.Bd3 Bb7 12.e4 b4 13.Ne2 c5 14.g5 c4 15.gxf6 Qxf6 16.Rg1 Qxf3
17.Qxc4 Rc8 18.Qb3 Bxe4 19.Bxe4 Qxe4 20.Rg4 Qb7 21.Rxg7 Ke7 22.Ng3 Bxg3 23.Qxg3 Qh1+
24.Qg1 Qe4+ 25.Be3 Rc2 26.Rd1 Nf6 27.Qg2 Qxg2 28.Rxg2 Rxb2 29.Rd2 Rb1+ 30.Rd1 Rxd1+
31.Kxd1 Nd5 32.Kc2 Rc8+ 33.Kb2 Nxe3 34.fxe3 Rc3 35.Rg4 Rxe3 36.Rh4 Kd6 37.Rxh6 Kd5
38.Rf6 a5 39.Rxf7 a4 40.Rb7 Kc4 41.h4 a3+ 42.Kb1 Re1+ 43.Kc2 Re2+ 44.Kb1 Rb2+
45.Ka1 Rh2  0-1

[Event "41st TCh-ITA"]
[Site "Senigallia ITA"]
[Date "2009.05.01"]
[Round "3"]
[White "Olszewski,Mi"]
[Black "Caruana,F"]
[Result "1-0"]
[WhiteElo "2538"]
[BlackElo "2649"]

1.d4 d5 2.c4 c6 3.Nf3 Nf6 4.Nc3 e6 5.e3 Nbd7 6.Qc2 Bd6 7.b3 O-O 8.Be2 b6
9.O-O Bb7 10.Bb2 Re8 11.Rad1 Qc7 12.g3 a6 13.Rfe1 c5 14.cxd5 exd5 15.Bf1 c4
16.a4 Bb4 17.Nd2 Bxc3 18.Qxc3 b5 19.Ba3 Rac8 20.Rc1 Ne4 21.Nxe4 Rxe4 22.Bh3 Bc6
23.a5 Bb7 24.Re2 Ree8 25.f3 Rcd8 26.Rce1 Nf6 27.Bc5 Nd7 28.Bb4 Nf6 29.Bf5 Bc6
30.Bc2 Qb7 31.g4 Qc8 32.h3 h5 33.Bc5 g6 34.Rg2 hxg4 35.hxg4 Nh7 36.Kf2 Ng5
37.Rh1 Qe6 38.e4 f6 39.bxc4 bxc4 40.Qe3 Rb8 41.e5 Nf7 42.Rgh2 Rb7 43.Rh6 Ng5
44.Qxg5  1-0

[Event "IV Tch-ESP Selecciones Autonomicas"]
[Site "Villava ESP"]
[Date "2009.05.01"]
[Round "3"]
[White "Martinez Fernandez de Arcaya,I"]
[Black "Alsina Leal,D"]
[Result "0-1"]
[WhiteElo "2206"]
[BlackElo "2503"]

1.d4 d5 2.c4 e6 3.Nc3 c6 4.e3 Nf6 5.Nf3 Nbd7 6.Qc2 Bd6 7.Be2 O-O 8.O-O dxc4
9.Bxc4 b5 10.Bd3 Bb7 11.a3 Qe7 12.h3 a6 13.Ng5 h6 14.Nge4 c5 15.dxc5 Nxc5
16.Nxc5 Bxc5 17.b4 Bb6 18.Bb2 Rac8 19.Rac1 Bc7 20.Rfd1 Bb8 21.Qe2 Rfd8 22.Bb1 Ba8
23.Rxd8+ Rxd8 24.Rd1 Rc8 25.Ba2 Qc7 26.f4 Ba7 27.Kh1 Qc6 28.Rd2 Qb6 29.Rd3 Ne4
30.Nxe4 Bxe4 31.Qg4 Bg6 32.Bd4 Qd6 33.Rd2 Bxd4 34.Qd1 Rc3 35.Rxd4 Qc6 36.Qe2 Rxa3
37.Kh2 Kh7 38.e4 Qc3 39.Qf2 Rxa2  0-1

[Event "11th Dubai Open"]
[Site "Dubai UAE"]
[Date "2009.05.02"]
[Round "6"]
[White "Milanovic,Da"]
[Black "Salem,AR"]
[Result "1/2-1/2"]
[WhiteElo "2564"]
[BlackElo "2479"]

1.d4 d5 2.c4 c6 3.Nf3 Nf6 4.Nc3 e6 5.e3 Nbd7 6.Qc2 Bd6 7.g4 h6 8.Bd2 dxc4
9.Bxc4 b5 10.Be2 Bb7 11.Rg1 Rc8 12.g5 hxg5 13.Nxg5 Bxh2 14.Nxf7 Kxf7 15.Qg6+ Ke7
16.Nxb5 Qe8 17.Qxg7+ Qf7 18.Bb4+ c5 19.dxc5 Nxc5 20.Nxa7 Bxg1 21.Nxc8+ Rxc8
22.Qxg1 Qh7 23.Qg5 Kf7 24.Bxc5 Qh1+ 25.Bf1 Ba6 26.Qg2 Qxg2 27.Bxg2 Rxc5 28.Kd2 Rg5
29.Bc6 Rf5 30.f4 Ke7 31.b4 Kd6 32.Bh1 Rh5 33.a4 Bc4 34.e4 e5 35.Kc3 Be2 36.fxe5+ Kxe5
37.b5 Nd7 38.Kb4 Kd4 39.e5 Rxe5 40.Bc6 Nc5 41.Rh1 Nd3+ 42.Ka5 Kc5 43.Rh7 Nc1
44.Rh3 Bc4 45.Ka6 Nd3 46.Kb7 Re7+ 47.Kb8 Ne5 48.Rh6 Nf7 49.Rg6 Nd6 50.a5 Nxb5
51.Bxb5 Bxb5 52.a6 Bc6 53.Rg1 Kb6 54.Rb1+ Bb5 55.Rc1 Bxa6 56.Rb1+ Bb5 57.Rc1 Re8+
58.Rc8 Re1 59.Rc2 Re8+ 60.Rc8 Re4 61.Rc1 Bd3 62.Rc7 Ba6 63.Rb7+ Kc6 64.Rc7+ Kb6
65.Rb7+ Ka5 66.Rb1 Re7 67.Rb2 Bb5 68.Rb1 Kb6 69.Rc1 Rd7 70.Rc2 Rd4 71.Rc7 Bc6
72.Rb7+ Kc5 73.Rb1 Kd6 74.Rg1 Kc5 75.Rc1+ Kb6 76.Rb1+ Bb5 77.Rc1 Bd3 78.Rc7 Rd8+
79.Rc8 Rd7 80.Rc3 Be2 81.Rb3+ Bb5 82.Rc3 Re7 83.Rc1 Rd7 84.Rc2 Rf7 85.Rc1 Re7
86.Rc2 Bd3 87.Rc3 Ba6 88.Rb3+ Bb5 89.Rc3 Ba4 90.Rc1 Rg7 91.Rb1+ Bb5 92.Rc1 Rf7
93.Rc3 Rh7 94.Rc1 Rg7 95.Rc3 Rf7 96.Rc1 Re7 97.Rc3 Ba4 98.Rc1 Bb3 99.Kc8 Ba4
100.Kb8 Bb5 101.Rc3 Ra7 102.Rc1 Ra4 103.Rc2 Ra3 104.Rc1 Re3  1/2-1/2

[Event "11th Dubai Open"]
[Site "Dubai UAE"]
[Date "2009.05.02"]
[Round "7"]
[White "De Peyer,N"]
[Black "Nasri,A"]
[Result "1-0"]
[WhiteElo "2179"]
[BlackElo "2336"]

1.d4 d5 2.Nf3 e6 3.c4 c6 4.Nc3 Nf6 5.e3 Nbd7 6.Be2 Bd6 7.Qc2 O-O 8.O-O Qe7
9.e4 dxe4 10.Nxe4 Nxe4 11.Qxe4 e5 12.dxe5 Nxe5 13.Nxe5 Qxe5 14.Qxe5 Bxe5
15.Re1 Bf6 16.a4 Re8 17.Ra2 Bf5 18.Kf1 Bd4 19.b4 Re7 20.Rd1 c5 21.bxc5 Bxc5
22.Rd5 Bb1 23.Rb2  1-0

[Event "TOP 16 GpA"]
[Site "Mulhouse FRA"]
[Date "2009.05.02"]
[Round "6"]
[White "Navara,D"]
[Black "Magem Badals,J"]
[Result "1-0"]
[WhiteElo "2654"]
[BlackElo "2531"]

1.c4 e6 2.d4 d5 3.Nf3 Nf6 4.Nc3 c6 5.e3 Nbd7 6.Qc2 Bd6 7.b3 O-O 8.Bb2 e5
9.Be2 exd4 10.Nxd4 dxc4 11.Bxc4 Ne5 12.Be2 Qe7 13.h3 Re8 14.O-O-O Ba3 15.g4 Bd7
16.f4 Ng6 17.Rd3 Bxb2+ 18.Kxb2 c5 19.Nf5 Bxf5 20.gxf5 Nh4 21.e4 b5 22.e5 c4
23.Rg3 b4 24.Nb5 cxb3 25.axb3 Rac8 26.Bc4 Nh5 27.Rg5 Rxc4 28.Qxc4 g6 29.Rxh5 gxh5
30.Rg1+ Kh8 31.Nd6 Rf8 32.f6 Qd7 33.Rg7 Nf5 34.Qxf7  1-0